| 000 | 01625nam a2200301 a 4500 | ||
|---|---|---|---|
| 001 | BRCA_5130 | ||
| 005 | 20190320204942.0 | ||
| 008 | 191110m1846----mx-#######---#000-0#spa-# | ||
| 041 | _aspa | ||
| 044 | _amx | ||
| 084 |
_aDOC103 _b.R3 _c1846 |
||
| 100 | 1 |
_aRejón, Manuel Crescencio _d1799-1849 _913096 |
|
| 245 | 1 | 0 |
_aDocumento firmado por Manuel Crescencio Rejón _cManuel Crescencio Rejón, Ignacio Valdivielso. |
| 260 |
_aMéxico _c1846 |
||
| 300 |
_a[2] fojas _c27 x 21 cm |
||
| 500 | _aDocumento firmado el 26 de agosto de 1846 | ||
| 500 | _aRejón escribe a Don Ignacio Valdivielso, Secretario de la Legación en Madrid, comunícale haber recibido la comunicación en la que exoneraba de su cargo, disponiéndose que quedara encargado de los Negocios de la República por lo queda sin efecto los plenos poderes expedidos en su favor en las cortes de Francia e Inglaterra | ||
| 500 | _aEl documento contiene la leyenda DOC. #267 | ||
| 500 | _aAl margen: REPUBLICA MEJICANA. MINISTERIO DE RELACIONES GOBERNACIÓN Y POLITICA. PALACIO DEvGOBIERNO NACIONAL. México 28 de agosto de 1846 | ||
| 500 | _aEstado de conservación: contiene manchas de acidificación en la última foja | ||
| 506 | 0 | _aFondo reservado: para su consulta es necesario credencial de usuario y carta de motivos | |
| 546 | _aTexto en: español de mediados del siglo XIX | ||
| 600 | 1 | 4 |
_aRejón, Manuel Crescencio _d1799-1849 _913096 |
| 650 | 1 | 4 |
_aRelaciones internacionales _vManuscrito _xHistoria _yFederalismo y centralismo, 1824-1853 _zMéxico _913097 |
| 700 | 1 |
_aValdivielso, Ignacio _d1805-1861 _913098 |
|
| 902 | _aFDH | ||
| 942 |
_2lcc _cD |
||
| 999 |
_c4824 _d4824 |
||